[Event "US Chess League 2011"]
[Site "ICC INT"]
[Date "2011.09.07"]
[Round "2"]
[White "Ippolito,D"]
[Black "Enkhbat,T1"]
[Result "1-0"]
[WhiteElo "2477"]
[BlackElo "2364"]

1.d4 d5 2.c4 c6 3.Nf3 Nf6 4.Nc3 a6 5.a4 e6 6.g3 dxc4 7.Bg2 c5 8.dxc5 Qxd1+
9.Nxd1 Nc6 10.Ne3 Bxc5 11.Nxc4 Bb4+ 12.Bd2 Bxd2+ 13.Nfxd2 Ke7 14.O-O Bd7
15.Nb3 Rab8 16.Rfc1 Rhd8 17.Nb6 Be8 18.Kf1 Nd7 19.a5 Nxb6 20.axb6 Rd6 21.Nc5 Nd8
22.Nxb7 Nxb7 23.Rc7+ Kf6 24.Bxb7 Rxb6 25.Be4 Rxb2 26.Rxa6 Bb5 27.Raa7 Bxe2+
28.Kg2 Rf8 29.h3 g6 30.g4 h6 31.Kg3 Rb3+ 32.f3 g5 33.Rd7 Rb2 34.Rdc7 Bf1
35.Bc2 Ke5 36.Ra5+ Kd6 37.Raa7 Rd8 38.h4 Ke5 39.hxg5 hxg5 40.Ra1 Be2 41.Be4 Rdd2
42.Rxf7 Bf1 43.Ra5+ Kd6 44.Rxg5 Rg2+ 45.Kf4 Bc4 46.Ra7 Rb4 47.Rga5 Bd5 48.Ra4 Rgb2
49.Rxb4 Rxb4 50.g5 Bxe4 51.fxe4 Rb1 52.g6 Rf1+ 53.Kg5 Ke5 54.g7 Rg1+ 55.Kh6 Kxe4
56.Ra8 e5 57.g8=Q Rxg8 58.Rxg8 Kf4 59.Rf8+ Kg4 60.Re8 Kf4 61.Kh5 e4 62.Kh4 Kf3
63.Kh3 e3 64.Rf8+ Ke2 65.Kg2  1-0

[Event "DYTM Nazrin Shah Inv"]
[Site "Kuala Lumpur MAS"]
[Date "2011.09.07"]
[Round "6.4"]
[White "Bitoon,R"]
[Black "Barbosa,O PHI"]
[Result "1/2-1/2"]
[WhiteElo "2504"]
[BlackElo "2538"]

1.d4 d5 2.c4 c6 3.Nf3 Nf6 4.Nc3 a6 5.c5 Nbd7 6.Bf4 Nh5 7.Qd2 Nxf4 8.Qxf4 g6
9.e4 Nf6 10.exd5 Nxd5 11.Nxd5 cxd5 12.Be2 Qa5+ 13.Qd2 Qxd2+ 14.Kxd2 Bg7 15.Rhd1 Bg4
16.Ke1 e6 17.h3 Bxf3 18.Bxf3  1/2-1/2

[Event "FSIM September"]
[Site "Budapest HUN"]
[Date "2011.09.09"]
[Round "7"]
[White "Horvath,Dav"]
[Black "Farago,S"]
[Result "1/2-1/2"]
[WhiteElo "2349"]
[BlackElo "2278"]

1.d4 d5 2.c4 c6 3.Nf3 Nf6 4.Nc3 a6 5.c5 Nbd7 6.Bf4 Nh5 7.Be3 g6 8.g3 Bg7
9.Bg2 O-O 10.O-O f5 11.Qd2 Re8 12.Bh6 Bh8 13.Bf4 Nhf6 14.Ne5 Nxe5 15.Bxe5 Ne4
16.Bxe4 fxe4 17.Bxh8 Kxh8 18.f4 Bh3 19.Rfb1 Qd7 20.e3 Rg8 21.Kf2 Raf8 22.Ke1 g5
23.Qf2 gxf4 24.exf4 Rg6 25.Kd2 Qf5 26.Qe3 Bg2 27.Rg1 Qh3 28.Ne2 Bf3 29.Qf2 Rh6
30.Nc3 Qxh2 31.Raf1 Qh3 32.Nd1 Rg6 33.Ne3 e6 34.g4 Rxf4 35.Rh1 Bxh1 36.Qxf4 Bf3
37.Qf8+  1/2-1/2

[Event "TCh-POL 1st League"]
[Site "Mrzezyno POL"]
[Date "2011.09.09"]
[Round "7"]
[White "Swiech,Pr1"]
[Black "Siwiec,A"]
[Result "1-0"]
[WhiteElo "2244"]
[BlackElo "2160"]

1.d4 d5 2.c4 c6 3.Nc3 Nf6 4.Nf3 a6 5.cxd5 cxd5 6.Bf4 Nc6 7.e3 Qb6 8.Rb1 Bf5
9.Bd3 Bxd3 10.Qxd3 e6 11.O-O Be7 12.Rfc1 O-O 13.Na4 Qa5 14.Qb3 Ra7 15.Nc5 Bxc5
16.Rxc5 Qd8 17.Rbc1 Nd7 18.Bd6 Re8 19.R5c2 Na5 20.Qd3 Nc6 21.Nd2 Qb6 22.Rc3 Raa8
23.Rb3 Qa7 24.f3 Rac8 25.Bg3 b5 26.Rbc3 Qb7 27.Qc2 Na7 28.Rc7 Qb6 29.Rxc8 Rxc8
30.Qxc8+ Nxc8 31.Rxc8+ Nf8 32.Nb3 e5 33.Nc5 Qa7 34.Bxe5 Qe7 35.e4 f6 36.Bg3 f5
37.h3 fxe4 38.fxe4 h5 39.exd5 h4 40.Be5 Qg5 41.Rxf8+  1-0

[Event "TCh-POL 1st League"]
[Site "Mrzezyno POL"]
[Date "2011.09.10"]
[Round "8"]
[White "Sieciechowicz,M"]
[Black "Rutkowski,M"]
[Result "1-0"]
[WhiteElo "2422"]
[BlackElo "2388"]

1.d4 d5 2.c4 c6 3.Nf3 Nf6 4.Nc3 a6 5.c5 Nbd7 6.Bf4 Nh5 7.Qd2 Nxf4 8.Qxf4 g6
9.e4 dxe4 10.Ng5 Nf6 11.Bc4 e6 12.Ncxe4 Be7 13.Nxf6+ Bxf6 14.Ne4 Be7 15.h4 h5
16.O-O-O Bd7 17.Rhe1 a5 18.d5 cxd5 19.Rxd5 O-O 20.Rd3 Qc8 21.g4 b5 22.gxh5 bxc4
23.Rg3 Kh7 24.Nf6+ Bxf6 25.Qxf6 Rg8 26.Qxf7+ Rg7 27.hxg6+ Kh8 28.Re5  1-0

[Event "TCh-POL 1st League"]
[Site "Mrzezyno POL"]
[Date "2011.09.11"]
[Round "9"]
[White "Flak,P"]
[Black "Siwiec,A"]
[Result "0-1"]
[WhiteElo "2215"]
[BlackElo "2160"]

1.d4 d5 2.Nf3 c6 3.c4 Nf6 4.Nc3 a6 5.g3 dxc4 6.Bg2 Nbd7 7.a4 a5 8.e4 g6 9.d5 Ne5
10.O-O Nd3 11.Be3 Bg7 12.Bd4 O-O 13.Qe2 cxd5 14.exd5 Nxd5 15.Bxg7 Kxg7 16.Nxd5 Qxd5
17.Qxe7 Rb8 18.Nd2 Qe6 19.Qc7 Qe5 20.Qxe5+ Nxe5 21.b3 Be6 22.bxc4 Nxc4 23.Nb3 Rfc8
24.Nd4 Bd7 25.Rfe1 Kf8 26.Bd5 Rc5 27.Bg2 b6 28.h4 Nb2 29.Nb3 Rcc8 30.Re2 Nxa4
31.Rd2 Be8 32.Bh3 Rc3 33.Nd4 b5 34.Ne2 Rc4 35.Rd5 Bc6 36.Rd6 Ke7 37.Rad1 Nc3
38.Nxc3 Rxc3 39.R6d4 b4 40.Re1+ Kf8 41.Rf4 b3 42.Be6 Rf3 43.Rc4 fxe6 44.Rxc6 b2
45.Rb1 Ra3  0-1

[Event "ch-Euro Youth g18"]
[Site "Albena BUL"]
[Date "2011.09.12"]
[Round "2.12"]
[White "Yashchenko,O"]
[Black "Perera Borrego,M"]
[Result "0-1"]
[WhiteElo "1830"]
[BlackElo "2080"]

1.d4 d5 2.c4 c6 3.Nf3 Nf6 4.Nc3 a6 5.c5 g6 6.Bf4 Bg7 7.e3 Bf5 8.Bd3 Bxd3
9.Qxd3 Nbd7 10.O-O O-O 11.h3 Re8 12.b4 Nh5 13.Bh2 e5 14.dxe5 Nxe5 15.Nxe5 Bxe5
16.Bxe5 Rxe5 17.Rad1 Qh4 18.Qd4 Qxd4 19.Rxd4 Rae8 20.a4 Ng7 21.Rb1 Ne6 22.Rd3 a5
23.f4 Rh5 24.Nd1 axb4 25.Rc1 d4 26.Rc4 Nxc5 27.Rdxd4 Nxa4 28.Rd7 Nb6 29.Rcd4 Nxd7
30.Rxd7 Rd5 31.Rxd5 cxd5 32.Kf2 Rc8 33.g4 b3 34.Kf3 Rc2  0-1

[Event "ch-Euro Youth g16"]
[Site "Albena BUL"]
[Date "2011.09.13"]
[Round "3.15"]
[White "Baraeva,M"]
[Black "Beshukova,Ekaterina"]
[Result "1-0"]
[WhiteElo "2199"]
[BlackElo "1873"]

1.d4 d5 2.c4 c6 3.Nf3 Nf6 4.Nc3 a6 5.a4 e6 6.Bg5 Nbd7 7.e3 Qa5 8.Bxf6 Nxf6
9.Bd3 Bb4 10.Rc1 dxc4 11.Bxc4 Ne4 12.Qc2 Nxc3 13.bxc3 Be7 14.O-O O-O 15.Bd3 h6
16.Ne5 Qc7 17.f4 Bf6 18.Rf3 Bxe5 19.fxe5 b5 20.Rcf1 Ra7 21.Bh7+ Kh8 22.Bg6 Qa5
23.axb5 cxb5 24.Bxf7 Rc7 25.Bg6 Rxf3 26.Rxf3 Qa3 27.Qb2 Qe7 28.Bb1 Bb7 29.Qc2 g5
30.Rf6 Qg7 31.Qf2 Rc8 32.Rf7  1-0

[Event "WGM Pancevo"]
[Site "Pancevo SRB"]
[Date "2011.09.13"]
[Round "5.1"]
[White "Benderac,A"]
[Black "Eric,J"]
[Result "1-0"]
[WhiteElo "2311"]
[BlackElo "2245"]

1.d4 d5 2.c4 c6 3.Nc3 Nf6 4.Nf3 a6 5.cxd5 cxd5 6.Bf4 Nc6 7.e3 Bf5 8.Be2 Qb6
9.O-O e6 10.Na4 Qd8 11.Rc1 Nd7 12.Ne5 Ndxe5 13.Bxe5 Nxe5 14.dxe5 Be7 15.Qb3 b5
16.Nc5 O-O 17.Bd3 Bxd3 18.Qxd3 b4 19.Nb3 Qb6 20.Rc2 Rfc8 21.Rfc1 Qb7 22.Nd4 Bf8
23.f4 h6 24.Nc6 Kh8 25.Nd4 Qd7 26.Kf2 Qb7 27.Rc6 Rxc6 28.Rxc6 Be7 29.Qc2 Bd8
30.Qc5 Kg8 31.f5 exf5 32.Qxd5 Bg5 33.Nxf5 Rc8 34.Rxc8+ Qxc8 35.Nd6 Qc2+ 36.Kf3 Qg6
37.Qa8+ Kh7 38.Qe4 Qxe4+ 39.Kxe4 Kg8 40.b3 Kf8 41.Nb7 Ke7 42.Nc5 a5 43.Nb7 Ke6
44.Nxa5 Be7 45.Nc6 Bc5 46.Nd4+  1-0

[Event "ch-Euro Youth b16"]
[Site "Albena BUL"]
[Date "2011.09.14"]
[Round "4.22"]
[White "Doros,R"]
[Black "Ahvenjarvi,Jani"]
[Result "1-0"]
[WhiteElo "2338"]
[BlackElo "2118"]

1.d4 d5 2.c4 c6 3.Nf3 Nf6 4.Nc3 a6 5.a4 e6 6.g3 dxc4 7.Bg2 c5 8.dxc5 Qxd1+
9.Nxd1 Nc6 10.Ne3 Bxc5 11.Nxc4 O-O 12.O-O Rd8 13.Nfe5 Nxe5 14.Nxe5 Nd5 15.Rd1 f6
16.Nc4 Bd7 17.Na5 b6 18.Nb7 Rdb8 19.Nxc5 bxc5 20.e4 Nb6 21.a5 Ba4 22.Re1  1-0

[Event "2nd Livigno Open A"]
[Site "Livigno ITA"]
[Date "2011.09.14"]
[Round "4.23"]
[White "Bentivegna,F"]
[Black "Arnetta,MariaT"]
[Result "1/2-1/2"]
[WhiteElo "2322"]
[BlackElo "2017"]

1.d4 d5 2.c4 c6 3.Nf3 Nf6 4.Nc3 a6 5.g3 dxc4 6.a4 a5 7.Bg2 g6 8.O-O Bg7 9.Ne5 O-O
10.e3 Na6 11.Qe2 Nb4 12.Nxc4 Bg4 13.f3 Be6 14.Rd1  1/2-1/2

[Event "2nd Livigno Open A"]
[Site "Livigno ITA"]
[Date "2011.09.16"]
[Round "7.1"]
[White "Rombaldoni,D"]
[Black "Volkov,Sergey1"]
[Result "0-1"]
[WhiteElo "2517"]
[BlackElo "2614"]

1.d4 d5 2.c4 c6 3.Nf3 Nf6 4.Nc3 a6 5.a4 e6 6.g3 dxc4 7.Bg2 c5 8.dxc5 Qxd1+
9.Nxd1 Bd7 10.Ne5 Nc6 11.Nxc6 Bxc6 12.Bxc6+ bxc6 13.a5 Bxc5 14.Ra4 Rb8 15.Bd2 Be7
16.Rxc4 c5 17.Bc3 Nd5 18.Bxg7 Rg8 19.Be5 Rb5 20.e4 f6 21.exd5 exd5 22.Rc1 fxe5
23.Nc3 Rxb2 24.Nxd5 Bg5 25.Rd1 Kf7 26.Nb6 Rd8 27.O-O Rd4 28.Nd7 e4 29.Nxc5 Rxd1
30.Rxd1 e3 31.Rd7+ Kg8 32.Nd3 e2 33.f4 Bf6 34.Kf2 Bc3 35.Ne1 Rb1 36.Rd6 Rxe1
37.Rxa6 Rh1 38.Kxe2 Rxh2+ 39.Kf3 h5 40.Ra8+ Kf7 41.Ra7+ Kg6 42.Ra6+ Bf6 43.Ra8 Ra2
44.Ke4 Ra4+ 45.Kd5 Kf5 46.a6 Bd4 47.Rf8+ Kg6 48.Ra8 Bf2 49.Ke6 Kg7 50.f5 Bd4
51.Kd5 Kf6 52.Ke4 Ba7+ 53.Kf3 Rxa6 54.Kg2 Kxf5 55.Kh3 Ra2 56.Rf8+ Kg5 57.Rg8+ Kh6
58.Rh8+ Kg6 59.Rg8+ Kh7 60.Re8 Ra4 61.Ra8 Kg7 62.Kg2 Ra3 63.Kh3 Ra2 64.Re8 Bf2
65.Re7+ Kf6 66.Re8 Bg1 67.g4 Rh2+ 68.Kg3 h4+ 69.Kf4 Rf2+ 70.Ke3 h3 71.Rh8 h2  0-1

[Event "TCh-NED Meesterklasse 2011-12"]
[Site "Netherlands NED"]
[Date "2011.09.17"]
[Round "1.6"]
[White "Van de Griendt,JW"]
[Black "Saltaev,M"]
[Result "0-1"]
[WhiteElo "2330"]
[BlackElo "2484"]

1.d4 d5 2.c4 c6 3.Nf3 Nf6 4.Nc3 a6 5.e3 e6 6.a3 Nbd7 7.Qc2 g6 8.Be2 Bg7 9.O-O O-O
10.Bd2 Re8 11.Rad1 Qc7 12.h3 e5 13.cxd5 cxd5 14.dxe5 Nxe5 15.Nd4 Bd7 16.Qb3 Nc6
17.Bf3 Be6 18.Nxe6 fxe6 19.Be2 Na5 20.Qa2 Nc4 21.Bxc4 dxc4 22.Ne2 Ne4 23.Bc3 Nxc3
24.Nxc3 Rad8 25.Qb1 Qc6 26.Rxd8 Rxd8 27.Rd1 Rxd1+ 28.Qxd1 Bf6 29.Qc2 b5 30.Qd2 Kf7
31.Kf1 a5 32.Ne2 Qd5 33.Qc2 Bxb2 34.Nf4 Qd7 35.g3 Bf6 36.a4 e5 37.axb5 Qxb5
38.Ne2 Qb3 39.Qd2 Qb1+ 40.Kg2 Qd3 41.Qa2 Bd8 42.Qb2 Qd5+ 43.Kh2 Be7 44.Nc3 Qd3
45.Nb5 a4 46.Qxe5 Qf5 47.Qb2 Bf6 48.Nd4 Bxd4 49.exd4 Qf3 50.d5 Qxd5 51.Qh8 Qh5
52.Qc8 Qe2 53.Qd7+ Kf6 54.Qd8+ Kf7 55.Qd7+ Kf8 56.Qc8+ Ke7 57.Qc7+ Kf6 58.Qd8+ Kf7
59.Qd4 Kf8 60.Qf6+ Ke8 61.Qc6+ Kd8 62.Qd6+ Ke8 63.Qc6+ Ke7 64.Qc7+ Kf8 65.Qc8+ Kf7
66.Qc7+ Kf6 67.Qd8+ Kg7 68.Qd4+ Kg8 69.Qd8+ Kf7 70.Qc7+  0-1

[Event "11th Josipa Ipavca Mem"]
[Site "Sentjur SLO"]
[Date "2011.09.17"]
[Round "5"]
[White "Leonardi,Caterina"]
[Black "Orehek,S"]
[Result "1/2-1/2"]
[WhiteElo "1723"]
[BlackElo "2020"]

1.d4 d5 2.c4 c6 3.Nc3 Nf6 4.Nf3 a6 5.e3 e6 6.cxd5 exd5 7.Bd3 Bd6 8.O-O Bg4
9.e4 dxe4 10.Nxe4 Nxe4 11.Bxe4 f5 12.Bd3 O-O 13.Qb3+ Kh8 14.Ng5 Qe7 15.h3 Bh5  1/2-1/2

[Event "e2e4 Sunningdale Autumn"]
[Site "Sunningdale ENG"]
[Date "2011.09.17"]
[Round "2"]
[White "Pert,N"]
[Black "Foo,William J"]
[Result "1-0"]
[WhiteElo "2557"]
[BlackElo "1931"]

1.d4 d5 2.c4 c6 3.Nf3 Nf6 4.Nc3 a6 5.cxd5 cxd5 6.Bf4 Nc6 7.Rc1 Ne4 8.e3 Bg4
9.Be2 Nxc3 10.Rxc3 e6 11.O-O Bd6 12.Bg3 O-O 13.Nd2 Bxe2 14.Qxe2 Bb4 15.Rc2 Bxd2
16.Qxd2 Qa5 17.Qxa5 Nxa5 18.Rc7 Rfc8 19.Rfc1 Nc6 20.Rxb7 Nxd4 21.Rcc7 Ne2+
22.Kf1 Nxg3+ 23.hxg3 Rxc7 24.Rxc7 Kf8 25.Ke2 Rb8 26.b3 Rb6 27.Kd3 Ke8 28.Kd4 Rd6
29.Kc5 Rd7 30.Rxd7 Kxd7 31.Kb6 Kd6 32.Kxa6 Kc5 33.a3 e5 34.b4+ Kc4 35.b5 d4
36.b6 d3 37.b7 d2 38.b8=Q d1=Q 39.Qb5+ Kc3 40.Qb4+ Kd3 41.Qd6+ Ke2 42.Qxd1+ Kxd1
43.Kb5 Ke2 44.a4 Kxf2 45.a5 Kxe3 46.a6 Kf2 47.a7 Kxg2 48.a8=Q+ Kxg3 49.Qd5 g6
50.Qxe5+ Kg4 51.Qf6 h5 52.Qxf7 g5 53.Kc4 h4 54.Kd3 Kg3 55.Ke2 g4 56.Kf1 Kh3
57.Kg1  1-0

[Event "ch-Vienna State"]
[Site "Vienna AUT"]
[Date "2011.09.17"]
[Round "8"]
[White "Albadri,A"]
[Black "Wallner,J"]
[Result "1-0"]
[WhiteElo "2221"]
[BlackElo "2333"]

1.d4 d5 2.c4 c6 3.Nc3 Nf6 4.Nf3 a6 5.c5 Nbd7 6.Bf4 Nh5 7.Bd2 g6 8.e4 dxe4
9.Nxe4 Ndf6 10.Nxf6+ Nxf6 11.Bc4 Bg7 12.Qb3 O-O 13.O-O Nd5 14.h3 Ra7 15.Rfe1 Be6
16.Ng5 Bxd4 17.Rxe6 Bxc5 18.Re2 b5 19.Bxd5 cxd5 20.Qc3 Rc7 21.Qg3 Qd7 22.Bc3 d4
23.Qh4 h5 24.Rd1 Qf5 25.g4 Qf6 26.Ba5 Rc6 27.gxh5 e5 28.Qg3 Qg7 29.Qxe5 gxh5
30.Qxg7+ Kxg7 31.Nf3 Rd6 32.Nxd4  1-0

[Event "ch-Euro Youth g16"]
[Site "Albena BUL"]
[Date "2011.09.18"]
[Round "7.16"]
[White "Baraeva,I"]
[Black "Nevioselaya,M"]
[Result "1-0"]
[WhiteElo "2187"]
[BlackElo "1989"]

1.d4 d5 2.Nf3 Nf6 3.c4 c6 4.Nc3 a6 5.c5 g6 6.h3 Bg7 7.Bf4 O-O 8.e3 Re8 9.Be2 Nfd7
10.O-O e5 11.Nxe5 Nxe5 12.Bxe5 Bxe5 13.dxe5 Rxe5 14.Qd4 Re8 15.Rad1 Qg5 16.Kh1 Bf5
17.Bf3 Nd7 18.e4 dxe4 19.Bxe4 Be6 20.b4 Rad8 21.f4 Qh4 22.f5 Nf8 23.fxe6 f5
24.Qc4 Kg7 25.e7 Qxe7 26.Bc2 Nd7 27.Bb3 Nf6 28.Rxd8 Rxd8 29.Qe6 Qc7 30.Rd1 Re8
31.Qd6 Qc8 32.Na4 Nh5 33.Qd7+ Qxd7 34.Rxd7+ Kh6 35.Kh2 Re2 36.Bd1 Rxa2 37.Nc3 Rb2
38.Bxh5 gxh5 39.Rxb7 Rb3 40.Ne2 a5 41.Rb6 axb4 42.Nd4 Rc3 43.Rxc6+ Kg5 44.Rb6 Rc4
45.Nf3+ Kf4 46.c6 b3 47.Nd2 Rc2 48.Nxb3 Ke3 49.Na5 f4 50.Rb4 Rc5 51.Rc4 Rg5
52.c7 Kf2 53.Rc2+  1-0

[Event "Caissa IM Sept 2011"]
[Site "Kecskemet HUN"]
[Date "2011.09.18"]
[Round "2.2"]
[White "Bhakti,K"]
[Black "Kernazhitsky,L"]
[Result "1-0"]
[WhiteElo "2289"]
[BlackElo "2308"]

1.d4 d5 2.c4 c6 3.Nf3 Nf6 4.Nc3 a6 5.e3 b5 6.cxd5 cxd5 7.Ne5 e6 8.Bd3 Be7
9.O-O Bb7 10.f4 O-O 11.Rf3 Ne4 12.Rh3 g6 13.Qf3 f5 14.Bxe4 dxe4 15.Qg3 Qe8
16.Ne2 Bd6 17.Rh6 Bxe5 18.fxe5 Rf7 19.Nf4 Rg7 20.h4 Bd5 21.h5 gxh5 22.Qh3 Nd7
23.Nxh5 Rf7 24.Bd2 Rc8 25.Bc3 Qd8 26.a3 a5 27.Nf4 Nf8 28.Kh2 Rg7 29.Rg1 Kh8
30.Nh5 Rb7 31.Nf4 b4 32.Be1 Qg5 33.Bh4 Qg4 34.Bf6+ Kg8 35.Rh4 Qxh3+ 36.gxh3+ Kf7
37.Rg7+ Ke8 38.Nxd5 Rc2+ 39.Kg3 Rxg7+ 40.Bxg7 bxa3 41.bxa3 exd5 42.Bxf8 Kxf8
43.Rxh7 Re2 44.e6 Rxe3+ 45.Kf4 Rc3 46.Kg5 Rc6 47.Kf6  1-0

[Event "e2e4 Sunningdale Autumn"]
[Site "Sunningdale ENG"]
[Date "2011.09.18"]
[Round "4"]
[White "Bonafont,P"]
[Black "Foo,William J"]
[Result "1-0"]
[WhiteElo "2094"]
[BlackElo "1931"]

1.d4 d5 2.Nf3 Nf6 3.c4 c6 4.Nc3 a6 5.c5 Bf5 6.Bf4 Nbd7 7.h3 e6 8.e3 Be7 9.Be2 O-O
10.O-O a5 11.Nh4 Re8 12.Nxf5 exf5 13.Qb3 Ra7 14.Bd3 Ne4 15.Rad1 Bg5 16.f3 Nxc3
17.bxc3 g6 18.Bxg5 Qxg5 19.f4 Qe7 20.Rfe1 a4 21.Qc2 b6 22.cxb6 Nxb6 23.Rb1 Qc7
24.c4 c5 25.dxc5 Nxc4 26.Bxc4 dxc4 27.Qxc4 Rc8 28.Rec1 Qe7 29.Rc3 Rac7 30.Rb5 h5
31.Qxa4 Qh4 32.Qd1 Rd8 33.Rd3 Rdc8 34.Rd5 Qg3 35.Re5 Rxc5 36.Rbxc5 Rxc5 37.Re8+ Kh7
38.Qa1 f6 39.Qd1 Rc7 40.a4 Kg7 41.Qb1 Rd7 42.Qc1 Kf7 43.Rc8 g5 44.fxg5 fxg5
45.Qc4+ Ke7 46.Qc5+ Qd6 47.Qxf5 Qd1+ 48.Qf1 Qxa4 49.Qf8+ Ke6 50.Re8+ Kd5
51.Qf5+ Kc6 52.Re6+ Kc7 53.Qe5+ Kd8 54.Qxg5+ Kc8 55.Qc5+ Kd8 56.Qb6+ Rc7
57.Qb8+ Rc8 58.Qd6+ Qd7 59.Qb6+ Qc7 60.Qd4+ Qd7 61.Rd6  1-0

[Event "Caissa IM Sept 2011"]
[Site "Kecskemet HUN"]
[Date "2011.09.22"]
[Round "8.2"]
[White "Keresztes,R"]
[Black "Kernazhitsky,L"]
[Result "1/2-1/2"]
[WhiteElo "2273"]
[BlackElo "2308"]

1.d4 d5 2.c4 c6 3.Nc3 Nf6 4.Nf3 a6 5.cxd5 cxd5 6.Bf4 Nc6 7.e3 Bf5 8.Bd3 Bxd3
9.Qxd3 e6 10.O-O Bd6 11.Bxd6 Qxd6 12.Rac1 O-O 13.a3  1/2-1/2

[Event "Sub-Zonal 2.3.4 2011"]
[Site "Pereira COL"]
[Date "2011.09.23"]
[Round "1"]
[White "Uribe,M"]
[Black "Escobar Forero,A"]
[Result "1/2-1/2"]
[WhiteElo "2333"]
[BlackElo "2466"]

1.d4 d5 2.c4 c6 3.Nf3 Nf6 4.Nc3 a6 5.e3 g6 6.Be2 Bg7 7.O-O O-O 8.h3 dxc4
9.Bxc4 b5 10.Bb3 Nbd7 11.Qe2 c5 12.Rd1 Bb7 13.e4 b4 14.Nd5 Nxd5 15.Bxd5 Bxd5
16.exd5 c4 17.Bg5 Bf6 18.Qxc4 a5 19.d6 exd6 20.Bf4 Rc8 21.Qd5 Be7 22.Re1 Nf6
23.Qb7 Rc7 24.Qb5 Qa8 25.Qg5 Ne4 26.Qb5 Nf6 27.Qg5 Ne4 28.Qb5 Rfc8 29.Rac1 Rxc1
30.Rxc1 Rxc1+ 31.Bxc1 Kg7 32.Be3 Nf6 33.Bg5 Qe4 34.Qxa5 Qb1+ 35.Kh2 Qxb2
36.Qa7 Qe2 37.Ne5 Ng8 38.Bxe7 dxe5 39.Bxb4 Qxf2 40.Bc5 Qf4+ 41.Kh1 Nf6 42.Qe7 Qc1+
43.Kh2 Qf4+  1/2-1/2

[Event "TCh-FIN SM-Liiga 2011-12"]
[Site "Helsinki FIN"]
[Date "2011.09.24"]
[Round "2.3"]
[White "Tella,J"]
[Black "Rantanen,Y"]
[Result "1/2-1/2"]
[WhiteElo "2429"]
[BlackElo "2400"]

1.d4 d5 2.Nf3 Nf6 3.c4 c6 4.Nc3 a6 5.a4 e6 6.Bg5 Nbd7 7.cxd5 exd5 8.e3 Qa5
9.Bd3 Ne4 10.O-O h6 11.Bh4 Nxc3 12.bxc3 Qxc3 13.Re1 Bd6 14.e4 O-O 15.e5 Bb8
16.Re3 Qa5 17.Ng5 hxg5 18.Qh5 f5 19.Bxg5 Qc3 20.Rd1 Qxd4 21.Bxf5 Qxd1+ 22.Qxd1 Rxf5
23.Qh5 Nf8 24.g4 g6 25.Qh4 Rxe5 26.Rh3 Re1+ 27.Kg2 Be5 28.Bf6 Kf7 29.Bxe5 Rxe5
30.Rf3+ Bf5 31.Qh8 Rae8 32.gxf5 Rxf5 33.Rxf5+ gxf5 34.Qh5+ Ng6 35.Qxf5+ Kg7
36.Kg3 a5 37.h4 Re5 38.Qc8 Re7 39.Qd8 Rf7 40.Qxa5 Ne7 41.Qc3+ Kh7 42.Qe5 Nf5+
43.Kg4 Nh6+ 44.Kg3 Rxf2 45.Qe6 Rf7 46.h5 Rg7+ 47.Kf3 Ng8 48.a5 Re7 49.Qf5+ Kg7
50.Qg6+ Kh8 51.Kf2 Rg7 52.Qd6 Re7 53.Kf3 Kh7 54.Qd8 Rf7+ 55.Kg3 Rg7+ 56.Kf4 Nh6
57.Ke3 Nf5+ 58.Kd3 Rg3+ 59.Kd2 Rg2+ 60.Kd3 Rg3+ 61.Kd2 Rg7 62.Qf6 Ng3 63.Qe5 Kh6
64.Qf6+ Kh7 65.Qe5 Kh6 66.Qf6+ Kh7  1/2-1/2

[Event "Sub-Zonal 2.3.4 2011"]
[Site "Pereira COL"]
[Date "2011.09.24"]
[Round "2"]
[White "Castro,O"]
[Black "Escobar Forero,A"]
[Result "1-0"]
[WhiteElo "2382"]
[BlackElo "2466"]

1.d4 d5 2.c4 c6 3.Nf3 Nf6 4.Nc3 a6 5.e3 g6 6.Be2 Bg7 7.O-O O-O 8.a4 dxc4
9.Bxc4 c5 10.d5 Bg4 11.h3 Bxf3 12.Qxf3 Nbd7 13.Qe2 Ne8 14.e4 Nd6 15.Ba2 b5
16.f4 Bd4+ 17.Kh2 c4 18.Bd2 Nc5 19.Bb1 Nb3 20.Ra2 b4 21.Nd1 Nxd2 22.Qxd2 Qb6
23.e5 Ne8 24.Qe2 Rc8 25.Be4 f6 26.d6 exd6 27.Bd5+ Kg7 28.e6 Qc5 29.e7 Qxd5
30.exf8=Q+ Kxf8 31.Re1 Qf7 32.Ne3 Ng7 33.Qd2 Bc5 34.Raa1 Re8 35.a5 Re4 36.Nc2 Rxe1
37.Rxe1 Qb7 38.Ne3 Qe4 39.Nd5 c3 40.bxc3 bxc3 41.Nxc3 Qb4 42.Rb1 Qc4 43.Rb8+ Ke7
44.Nd5+ Ke6 45.Rb7 Bd4 46.Nb6 Qc5 47.Qe2+ Kf5 48.Qg4+ Ke4 49.Re7+ Kd3 50.Qe2+  1-0

[Event "Campomanes Mem GM"]
[Site "Yangon MYA"]
[Date "2011.09.26"]
[Round "9"]
[White "Zaw Win Lay"]
[Black "Bui Vinh"]
[Result "1/2-1/2"]
[WhiteElo "2377"]
[BlackElo "2458"]

1.d4 d5 2.c4 c6 3.Nf3 Nf6 4.Nc3 a6 5.Ne5 dxc4 6.Nxc4 b5 7.Ne5 Bb7 8.Bf4 e6
9.e3 c5 10.dxc5 Qxd1+ 11.Rxd1 Bxc5 12.Be2 Ke7 13.O-O Nbd7 14.Bf3 Bxf3 15.Nxf3 Rhc8
16.Rc1 Bb4 17.Ne2 Nd5 18.Bg3 f6 19.e4 N5b6 20.e5 Rxc1 21.Rxc1  1/2-1/2

[Event "Tatry Open"]
[Site "Tatranske Zruby SVK"]
[Date "2011.09.27"]
[Round "4.51"]
[White "Komlosi,F"]
[Black "Kovacs,Joze"]
[Result "0-1"]
[WhiteElo "1933"]
[BlackElo "2008"]

1.d4 d5 2.c4 c6 3.Nf3 Nf6 4.Nc3 a6 5.e3 g6 6.Bd3 Bg7 7.O-O O-O 8.Re1 b5 9.cxb5 cxb5
10.Qb3 Nc6 11.a4 b4 12.Na2 a5 13.Bd2 Bb7 14.Qd1 Re8 15.Bb5 Nd7 16.Nc1 Na7
17.Bxd7 Qxd7 18.Nd3 Qd6 19.Rc1 Rac8 20.b3 f6 21.Nc5 Ba8 22.Rc2 e5 23.Bc1 Nc6
24.Bb2 Nb8 25.Qc1 Rc6 26.h3 Rec8 27.Qd2 Nd7 28.Rec1 Nxc5 29.dxc5 Rxc5 30.Rxc5 Rxc5
31.Rxc5 Qxc5 32.Ne1 Bb7 33.Nd3 Qc6 34.Ne1 Bh6 35.Qe2 Ba6 36.Qd1 Bg7 37.Kh2 f5
38.Nf3 Qd6 39.Kg1 Bb7 40.Qa1 d4 41.exd4 Bxf3 42.gxf3 exd4 43.Qf1 d3 44.Bxg7 Kxg7
45.Qd1 Qd4 46.Kf1 Kf6 47.f4 Ke6 48.Qe1+ Qe4 49.Qc1 Qh1+  0-1

[Event "Oslo GM Open"]
[Site "Oslo NOR"]
[Date "2011.10.07"]
[Round "7.2"]
[White "Elsness,F"]
[Black "Volkov,Sergey1"]
[Result "1-0"]
[WhiteElo "2491"]
[BlackElo "2614"]

1.d4 d5 2.c4 c6 3.Nf3 Nf6 4.Nc3 a6 5.e3 b5 6.b3 Bg4 7.h3 Bxf3 8.gxf3 Nbd7
9.f4 e6 10.c5 g6 11.Bd3 Bg7 12.Bb2 Ng8 13.Qc2 Ne7 14.a4 b4 15.Ne2 a5 16.Ng1 Nf5
17.O-O-O Nh4 18.Kb1 O-O 19.Qe2 Nf6 20.Nf3 Ne4 21.Ne5 Bxe5 22.fxe5 f6 23.exf6 Nxf6
24.Rhg1 Ra7 25.f4 Ne4 26.Qc2 Nf5 27.Rde1 Nfg3 28.Qh2 Qh4 29.Rg2 Nh5 30.Reg1 Nhf6
31.Bc1 Kh8 32.Bd2 Nh5 33.Be1 Qd8 34.Rg4 Raf7 35.Bh4 Qd7 36.Qg2 Nhf6 37.Bxf6+ Nxf6
38.Rg5 Rg7 39.h4 Rff7 40.Qh3 Re7 41.Kc2 Qe8 42.Be2 Qf8 43.Re5 Qe8 44.Bg4 Nxg4
45.Rxg4 h5 46.Rg3 Qf7 47.Qf1 Qe8 48.Qd3 Rg8 49.Reg5 Reg7 50.Qa6 Kh7 51.Qxa5 Qc8
52.Qxb4 Qa6 53.Rg1 Rb7 54.Qc3 Qe2+ 55.Qd2 Qxd2+ 56.Kxd2 Rxb3 57.Ke2 Ra3 58.Rb1 Rxa4
59.Rb6 Rga8 60.Rxc6 Ra1 61.Rg2 Rh1 62.Kf3 Rh3+ 63.Rg3 Rh2 64.f5 Rf8 65.Rg5 Rh3+
66.Kg2 Rxe3 67.Rxe6 Rd3 68.Rexg6 Rxf5 69.Rg7+ Kh8 70.Rg8+ Kh7 71.Rxf5 Kxg8
72.Rxd5 Rc3 73.Rxh5 Kf7 74.Rd5 Ke6 75.Rd6+ Kf5 76.h5 Kg4 77.Kf2 Kf4 78.Ke2 Ke4
79.Kd2 Rh3 80.h6 Rh2+ 81.Kc3 Rh1 82.c6 Kf5 83.d5 Ke5 84.Rd7 Rc1+ 85.Kb4 Kd4
86.Kb5 Rb1+ 87.Ka6 Kc5 88.h7 Rh1 89.Kb7 Rb1+ 90.Kc8 Rh1 91.Kd8  1-0

[Event "Oslo GM Open"]
[Site "Oslo NOR"]
[Date "2011.10.09"]
[Round "9.1"]
[White "Sadler,M"]
[Black "Volkov,Sergey1"]
[Result "1-0"]
[WhiteElo "2625"]
[BlackElo "2614"]

1.d4 d5 2.c4 c6 3.Nf3 Nf6 4.Nc3 a6 5.e3 b5 6.b3 Bg4 7.Bd2 e6 8.h3 Bh5 9.g4 Bg6
10.Ne5 Nfd7 11.Nxg6 hxg6 12.Bg2 f5 13.Rc1 Bd6 14.a4 b4 15.Ne2 a5 16.Nf4 Bxf4
17.exf4 Nf6 18.g5 Ne4 19.h4 dxc4 20.Rxc4 Ra7 21.Bxe4 fxe4 22.Be3 Rd7 23.Qc2 Rd5
24.f3 exf3 25.Qxg6+ Kf8 26.Qxe6 Rd6 27.Qf5+ Kg8 28.Kf2 g6 29.Qe4 Rh7 30.Rc5 Nd7
31.Rxc6 Re7 32.Qxf3 Nb6 33.Rxd6 Qxd6 34.d5 Nxd5 35.Rd1 Rd7 36.Qe4 Rd8 37.Kf3 Qc6
38.h5 gxh5 39.f5 h4 40.f6 Kf8 41.Kf2 Rd7 42.Rc1 Qa6 43.Bc5+ Kf7 44.Qh7+ Ke6
45.Re1+ Ne3 46.Rxe3+ Kd5 47.Qxd7+  1-0

[Event "20th TCh-CRO 1a"]
[Site "Sibenik CRO"]
[Date "2011.10.12"]
[Round "9.4"]
[White "Jankovic,A"]
[Black "Kovacevic,Bl"]
[Result "1/2-1/2"]
[WhiteElo "2584"]
[BlackElo "2494"]

1.d4 d5 2.c4 c6 3.Nf3 Nf6 4.Nc3 a6 5.Bg5 Ne4 6.Bf4 Nxc3 7.bxc3 dxc4 8.e4 b5
9.Be2 e6 10.O-O Be7 11.Qb1 Nd7 12.a4 O-O 13.Rd1 Nb6 14.a5 Na4 15.Rxa4 bxa4
16.Ne5 Bd6 17.Nxc6 Qc7 18.Bxd6 Qxd6 19.Ne5 Rb8 20.Qa1 Bb7 21.Nxc4 Qf4 22.f3 Rfc8
23.Kh1 Rc7 24.Nb6 Qe3 25.Bd3 g5 26.Nxa4 g4 27.Qc1 Qxc1 28.Rxc1 Rd8 29.Rb1 f5
30.Re1 fxe4 31.fxe4 e5 32.d5 Bxd5 33.exd5 Rxd5 34.Bc2 Rxa5 35.Bb3+ Kg7 36.Kg1 Rb5
37.Bc2 h5 38.Kf2 Rc4 39.Ke3 Ra5 40.Kd3 Rcxa4 41.Bxa4 Rxa4 42.Rxe5 Ra2 43.Rxh5 Rxg2
44.c4 Kf6 45.Kd4 Ke7 46.Kc5 a5 47.Kb5 Rb2+ 48.Kxa5 Kd6 49.Rb5 Rxh2 50.Kb6 Rc2
51.c5+ Kd5 52.Rb1  1/2-1/2

[Event "TCh-MNE 1st League"]
[Site "Tivat MNE"]
[Date "2011.10.13"]
[Round "6.5"]
[White "Pecurica,M"]
[Black "Kalezic,B"]
[Result "0-1"]
[WhiteElo "2149"]
[BlackElo "2461"]

1.d4 d5 2.c4 c6 3.Nf3 Nf6 4.Nc3 a6 5.e3 e6 6.b3 Nbd7 7.Be2 Bd6 8.O-O O-O
9.Bb2 Ne4 10.Ne5 Nxe5 11.Nxe4 Nxc4 12.bxc4 dxe4 13.c5 Bc7 14.f3 exf3 15.Bxf3 Qg5
16.Qb3 e5 17.d5 e4 18.Bxe4 Bxh2+ 19.Kxh2 Qh4+ 20.Kg1 Qxe4 21.d6 Be6 22.Qc3 f6
23.Rf4 Qg6 24.Qd4 Rf7 25.a3 Re8 26.Re1 h5 27.Re4 f5 28.Re5 Ref8 29.Qf4 Bd5
30.Re2 Qg4 31.Rf2 Kh7 32.Re7 Rxe7 33.dxe7 Re8 34.Qe5 Be4 35.Qc7 Qg5 36.Qxb7 Rxe7
37.Qb3 h4 38.Kf1 Rd7 39.Bd4 Qg3 40.Qb2 Qg4 41.Ke1 a5 42.Rf4 Qg3+ 43.Kf1 h3  0-1